| 000 | 00556nam a2200181Ia 4500 | ||
|---|---|---|---|
| 003 | GCL | ||
| 008 | 140319s9999 xx 000 0 ara d | ||
| 020 | _a8029351977 | ||
| 040 |
_aGCL / _cGCL |
||
| 082 | 0 | 4 |
_a813.01 _bخ غ |
| 100 | 1 | _aخالد اسماعيل | |
| 245 | 1 | 0 |
_aغرب النيل / _cخالد اسماعيل |
| 260 |
_aالقاهرة : _bميريت للنشر والمعلومات ، _c2003 |
||
| 300 |
_a132 ص ؛ _c16 سم |
||
| 650 | 0 | 4 | _aالادب العربى |
| 650 | 0 | 4 | _aالقصص العربية القصيرة |
| 942 |
_2ddc _cBK |
||
| 999 |
_c33109 _d33109 |
||